| Tag |
First Indicator |
Second Indicator |
Subfields |
| LEADER |
00000cam a2200000 a 4500 |
| 001 |
in00001351421 |
| 005 |
20151006061546.0 |
| 008 |
960321s1997 mdua b 001 0 eng |
| 010 |
|
|
|a 96007795
|
| 020 |
|
|
|a 1557662592
|
| 035 |
|
|
|a (OCoLC)34475848
|
| 035 |
|
|
|9 AHG4485AM
|
| 040 |
|
|
|a DLC
|c DLC
|d TXA
|d UtOrBLW
|
| 043 |
|
|
|a n-us---
|
| 049 |
|
|
|a TXAM
|
| 050 |
0 |
0 |
|a GV183.5
|b .S35 1997
|
| 082 |
0 |
0 |
|a 790.1/96/0973
|2 20
|
| 100 |
1 |
|
|a Schleien, Stuart J.
|
| 245 |
1 |
0 |
|a Community recreation and people with disabilities :
|b strategies for inclusion /
|c Stuart J. Schleien, M. Tipton Ray, Frederick P. Green.
|
| 250 |
|
|
|a 2nd ed.
|
| 264 |
|
1 |
|a Baltimore :
|b P.H. Brookes Pub.,
|c [1997]
|
| 264 |
|
4 |
|c ©1997
|
| 300 |
|
|
|a xix, 335 pages :
|b illustrations ;
|c 26 cm.
|
| 336 |
|
|
|a text
|b txt
|2 rdacontent
|
| 337 |
|
|
|a unmediated
|b n
|2 rdamedia
|
| 338 |
|
|
|a volume
|b nc
|2 rdacarrier
|
| 500 |
|
|
|a Revised edition of: Community recreation and persons with disabilities. 1988.
|
| 504 |
|
|
|a Includes bibliographical references (pages 317-326) and index.
|
| 650 |
|
0 |
|a People with disabilities
|x Recreation
|z United States.
|
| 650 |
|
0 |
|a People with disabilities
|x Services for
|z United States.
|
| 650 |
|
0 |
|a Recreation centers
|z United States.
|
| 650 |
|
0 |
|a Recreational surveys
|z United States.
|
| 700 |
1 |
|
|a Ray, M. Tipton.
|
| 700 |
1 |
|
|a Green, Frederick P.
|
| 700 |
1 |
|
|a Schleien, Stuart J.
|t Community recreation and persons with disabilities.
|
| 999 |
|
|
|a MARS
|
| 999 |
f |
f |
|s c06173e1-f433-3c9e-90e3-b227b32f1ef3
|i 8a1b4145-87d7-39cb-bfe7-d1eb591edda1
|t 0
|
| 952 |
f |
f |
|p ric
|a Texas A&M University
|b Rellis Campus
|c Joint Library Facility
|d Remote Storage
|t 0
|e GV183.5 .S35 1997
|h Library of Congress classification
|i unmediated -- volume
|m A14821011445
|
| 998 |
f |
f |
|a GV183.5 .S35 1997
|t 0
|l Remote Storage
|